000
00379nam a2200169Ia 4500
008
160105s9999 xx 000 0 und d
020
_a
2-7071-3877-0
041
_a
fre
245
_a
Physique
260
_a
Paris
260
_b
Magnard
260
_c
1968
654
_x
PHYSIQUE/ENSEIGNEMENT SECONDAIRE
942
_c
09
994
_a
103399
999
_c
3377
_d
31375